Ideología educativa de la Revolución Mexicana /

Bewaard in:
Bibliografische gegevens
Hoofdauteur: Lechuga Solís, Graciela (comp.)
Formaat: Boek
Taal:Spaans
Gepubliceerd in: México : Universidad Autónoma Metropolitana Xochimilco, 1984
Reeks:(Ensayos Sociales ; 6)
Onderwerpen:
Tags: Voeg label toe
Geen labels, Wees de eerste die dit record labelt!

MARC

LEADER 00000nam^a2200000^a^4500
001 000026107
005 20250521000000.0
009 20260310084717.749
037 |a Acervo ITESO - Biblioteca 
041 |a ESP 
082 |a 379. 72  |b LEC 
100 |a Lechuga Solís, Graciela  |e (comp.) 
245 1 0 |a Ideología educativa de la Revolución Mexicana /  |c Comp. de G. Lechuga Solís. 
264 1 |a México :  |b Universidad Autónoma Metropolitana Xochimilco,  |c 1984 
300 |a 142 p. 
336 |a texto  |b txt  |2 rdacontenido 
337 |a sin mediación  |b n  |2 rdamedio 
338 |a volumen  |b nc  |2 rdasoporte 
440 1 |a (Ensayos Sociales ;  |v 6) 
649 |a XX 
650 |a Discurso Educativo -  |z México 
650 |a Política Educativa -  |z México 
650 |a Educación y Estado -  |z México 
650 |a Educación y Política -  |z México 
650 |a Educación -  |z México 
910 |a Fondo General 
920 |a Impresos - Libros 
930 |a Colección General 
905 |a 101 
901 |a 0261070100  |b IT1  |c ACC  |i 026107  |u 20250521 
901 |a 0261070200  |b IT1  |c ACC  |i 903950  |u 20250521 
902 |a https://opac.biblio.iteso.mx/vufind/Record/000026107